000 00641nam a2200277Ia 4500
005 20260401122445.0
008 008 250103s9999 xx 000 0 eng d
020 _a9781107019157
037 _aTB
040 _aEDL
040 _beng
040 _cEDL
041 _2eng
041 _aeng
084 _a821.8PIN
084 _qEDL
245 0 _aCambridge edition of the poems of Rudyard Kipling : Collected poems-II
260 _aCambridge
260 _bCambridge University Press
260 _c2012
300 _a659-1550p
942 _cTB
942 _h821.8PIN
999 _c1847410
_d1847410